00581 2200205 4500001002100000005001500021035002000036007000300056008004100059020001500100082001100115084001700126100001800143245010700161250001000268260004000278300003300318700001400351990001000365INLIS00000000001235420220629100311 a0010-0622000864ta220629 g 0 ind  a979308460x a639.31 a639.31 KHA m0 aKHAIRUL, Amri1 aMengenal dekat labi-labi :bKomoditas perikanan multimanfaat /cIr. Khairul Amri,Msi,Dan Khairuman,Amd acet.1 aJakarta :bAgroMedia Pustaka,c2002 avi, 91 hlm ;c23,5 x 15,5 cm0 aKHAIRUMAN a101Aa